| 000 | 00693nam a2200253 a 4500 | ||
|---|---|---|---|
| 008 | |||
| 020 | _a0335210996 (pbk.) | ||
| 049 | _aMAIN | ||
| 090 |
_aLC5215 _bROG |
||
| 100 | 1 | _aRogers, Alan. | |
| 245 | 1 | 0 |
_aTeaching adults / _cAlan Rogers. |
| 250 | _a3rd ed. | ||
| 260 |
_aBerkshire : _bOpen University Press, _c2002. |
||
| 300 |
_aviii, 296 p. : _bill. ; _c23 cm. |
||
| 500 | _aIncludes index. | ||
| 504 | _aIncludes bibliographical references. | ||
| 650 | 0 | _aAdult education. | |
| 650 | 0 | _aLearning. | |
| 907 |
_a.b10272239 _b02-02-10 _c02-02-10 |
||
| 003 | |||
| 005 | 20230123125005.0 | ||
| 040 | _cNUST | ||
| 942 |
_cBOOKS _kLC5215 _mROG |
||
| 999 |
_c133799 _d133799 |
||